000 01113 a2200205 4500
005 2008092201461.0
008 080922t xxu||||| |||| 00| 0 hin d
010 _aHIN-81241
020 _a8178792575
_c200.00
035 _aHN-53587
037 _bD.B.Act / Pub
082 _a796.14
100 _aउषा गोपाल
245 _aमनोंजन और खेल
_cउषा गोपाल
260 _aनई दिल्ली
_bस्पोट्र्स पब्लिकेशन
_c2006
270 _aजी-6,23/23बी ई एम सी ए हाऊस,अंसारी रोड,दरियागंज
_bनई दिल्ली
_e110002
_k(ऑ)65749511,66326118 (नि)27562163(मो.)9868028838
_l011-23240261
_mlakshaythani@hotmail.com
300 _a128पृ
_c22सेमी(सजिल्द)
942 _adpl
_cHN
_k796.14 / उषागो
_2ddc
_h796.14
_mउषागो
999 _c8122
_d8122